000 00307 a2200157 4500
001 68250
020 _a9788506008794
040 _cAnchieta - Pituba
100 _aHomero
240 1 0 _aIlíada
_lpor
245 1 0 _aIlíada
300 _a46
362 0 _a1998
650 4 _aLiteratura juvenil
942 _cBK
999 _c68250
_d68250